000 00539nam a2200181Ia 4500
003 GCL
008 140319s9999 xx 000 0 ara d
040 _aGCL /
_cGCL
082 0 4 _a928.18
_bع خ
100 1 _aعصام محمد السنطى
245 1 0 _aخليل السكاكينى اللغوى /
_cعصام محمد السنطى
260 _a[S.N] :
_bمعهد البحوث والدراسات العربية ،
_c1967
300 _a104 ص
490 _a
650 0 4 _aالتراجم
650 0 4 _aالادباء
942 _2ddc
_cBK
999 _c54332
_d54332